<?xml version="1.0" encoding="UTF-8"?>
<record
    xmlns:xsi="http://www.w3.org/2001/XMLSchema-instance"
    xsi:schemaLocation="http://www.loc.gov/MARC21/slim http://www.loc.gov/standards/marcxml/schema/MARC21slim.xsd"
    xmlns="http://www.loc.gov/MARC21/slim">

  <leader>00915nam a22002417a 4500</leader>
  <controlfield tag="003">UA-OsUOA</controlfield>
  <controlfield tag="001"> 25383 </controlfield>
  <controlfield tag="007">ta</controlfield>
  <controlfield tag="008">20040405b un ||||| |||| 00| 0 ukr d</controlfield>
  <datafield tag="090" ind1=" " ind2=" ">
    <subfield code="a">34(094):349.2(477)</subfield>
    <subfield code="b">&#x423;-45</subfield>
  </datafield>
  <datafield tag="942" ind1=" " ind2=" ">
    <subfield code="c">BK</subfield>
  </datafield>
  <datafield tag="040" ind1=" " ind2=" ">
    <subfield code="a">UA-OsUOA</subfield>
    <subfield code="b">ukr</subfield>
    <subfield code="c">UA-OsUOA</subfield>
    <subfield code="d">UA-OsUOA</subfield>
  </datafield>
  <datafield tag="245" ind1=" " ind2=" ">
    <subfield code="a">&#x41A;&#x43E;&#x434;&#x435;&#x43A;&#x441; &#x437;&#x430;&#x43A;&#x43E;&#x43D;&#x456;&#x432; &#x43F;&#x440;&#x43E; &#x43F;&#x440;&#x430;&#x446;&#x44E; &#x423;&#x43A;&#x440;&#x430;&#x457;&#x43D;&#x438;</subfield>
    <subfield code="b">&#x417;&#x430;&#x43A;&#x43E;&#x43D; "&#x41F;&#x440;&#x43E; &#x43E;&#x43F;&#x43B;&#x430;&#x442;&#x443; &#x43F;&#x440;&#x430;&#x446;&#x456;"; &#x43F;&#x43E;&#x440;&#x44F;&#x434;&#x43E;&#x43A; &#x43E;&#x431;&#x447;&#x438;&#x441;&#x43B;&#x435;&#x43D;&#x43D;&#x44F; &#x441;&#x435;&#x440;&#x435;&#x434;&#x43D;&#x44C;&#x43E;&#x457; &#x437;&#x430;&#x440;&#x43E;&#x431;&#x456;&#x442;&#x43D;&#x43E;&#x457; &#x43F;&#x43B;&#x430;&#x442;&#x438;; &#x417;&#x430;&#x43A;&#x43E;&#x43D; "&#x41F;&#x440;&#x43E; &#x432;&#x456;&#x434;&#x43F;&#x443;&#x441;&#x442;&#x43A;&#x438;"; &#x420;&#x43E;&#x437;'&#x44F;&#x441;&#x43D;&#x435;&#x43D;&#x43D;&#x44F; &#x43C;&#x456;&#x43D;&#x43F;&#x440;&#x430;&#x446;&#x456; &#x449;&#x43E;&#x434;&#x43E; &#x437;&#x430;&#x441;&#x442;&#x43E;&#x441;&#x443;&#x432;&#x430;&#x43D;&#x43D;&#x44F; &#x437;&#x430;&#x43A;&#x43E;&#x43D;&#x443; "&#x41F;&#x440;&#x43E; &#x432;&#x456;&#x434;&#x43F;&#x443;&#x441;&#x442;&#x43A;&#x438;"; &#x43D;&#x430;&#x443;&#x43A;&#x43E;&#x432;&#x438;&#x439; &#x43A;&#x43E;&#x43C;&#x435;&#x43D;&#x442;&#x430;&#x440;".</subfield>
  </datafield>
  <datafield tag="300" ind1=" " ind2=" ">
    <subfield code="a">208 &#x441;.</subfield>
  </datafield>
  <datafield tag="955" ind1=" " ind2=" ">
    <subfield code="a">0</subfield>
  </datafield>
  <datafield tag="041" ind1=" " ind2=" ">
    <subfield code="a">ukr</subfield>
  </datafield>
  <datafield tag="080" ind1=" " ind2=" ">
    <subfield code="a">34(094):349.2(477)</subfield>
  </datafield>
  <datafield tag="020" ind1=" " ind2=" ">
    <subfield code="a">966-7231-00-3</subfield>
  </datafield>
  <datafield tag="260" ind1=" " ind2=" ">
    <subfield code="a">&#x423;&#x436;&#x433;&#x43E;&#x440;&#x43E;&#x434;</subfield>
    <subfield code="b">&#x406;&#x412;&#x410;</subfield>
    <subfield code="c">1997</subfield>
  </datafield>
  <datafield tag="044" ind1=" " ind2=" ">
    <subfield code="a">UA</subfield>
  </datafield>
  <datafield tag="650" ind1=" " ind2="7">
    <subfield code="2">UDC</subfield>
  </datafield>
  <datafield tag="999" ind1=" " ind2=" ">
    <subfield code="c">311676</subfield>
    <subfield code="d">311676</subfield>
  </datafield>
  <datafield tag="952" ind1=" " ind2=" ">
    <subfield code="0">0</subfield>
    <subfield code="1">0</subfield>
    <subfield code="2">udc</subfield>
    <subfield code="4">0</subfield>
    <subfield code="7">0</subfield>
    <subfield code="a">102</subfield>
    <subfield code="b">102</subfield>
    <subfield code="d">2007-10-02</subfield>
    <subfield code="e">160/2007</subfield>
    <subfield code="g">20.00</subfield>
    <subfield code="i">108429</subfield>
    <subfield code="l">0</subfield>
    <subfield code="o">34(094):349.2(477) &#x423;-45</subfield>
    <subfield code="p">108429</subfield>
    <subfield code="r">2022-02-07 00:00:00</subfield>
    <subfield code="w">2004-04-05</subfield>
    <subfield code="y">BK</subfield>
  </datafield>
  <datafield tag="952" ind1=" " ind2=" ">
    <subfield code="0">0</subfield>
    <subfield code="1">0</subfield>
    <subfield code="2">udc</subfield>
    <subfield code="4">0</subfield>
    <subfield code="7">0</subfield>
    <subfield code="a">102</subfield>
    <subfield code="b">102</subfield>
    <subfield code="d">2004-04-05</subfield>
    <subfield code="g">30.00</subfield>
    <subfield code="i">67288</subfield>
    <subfield code="l">0</subfield>
    <subfield code="o">34(094):349.2(477) &#x423;-45</subfield>
    <subfield code="p">67288</subfield>
    <subfield code="r">2022-02-07 00:00:00</subfield>
    <subfield code="w">2004-04-05</subfield>
    <subfield code="y">BK</subfield>
  </datafield>
  <datafield tag="952" ind1=" " ind2=" ">
    <subfield code="0">0</subfield>
    <subfield code="1">0</subfield>
    <subfield code="2">udc</subfield>
    <subfield code="4">0</subfield>
    <subfield code="7">0</subfield>
    <subfield code="a">102</subfield>
    <subfield code="b">102</subfield>
    <subfield code="d">2004-04-05</subfield>
    <subfield code="g">30.00</subfield>
    <subfield code="i">67289</subfield>
    <subfield code="l">0</subfield>
    <subfield code="o">34(094):349.2(477) &#x423;-45</subfield>
    <subfield code="p">67289</subfield>
    <subfield code="r">2022-02-07 00:00:00</subfield>
    <subfield code="w">2004-04-05</subfield>
    <subfield code="y">BK</subfield>
  </datafield>
  <datafield tag="952" ind1=" " ind2=" ">
    <subfield code="0">0</subfield>
    <subfield code="1">0</subfield>
    <subfield code="2">udc</subfield>
    <subfield code="4">0</subfield>
    <subfield code="7">0</subfield>
    <subfield code="a">102</subfield>
    <subfield code="b">102</subfield>
    <subfield code="d">2004-04-05</subfield>
    <subfield code="g">30.00</subfield>
    <subfield code="i">67290</subfield>
    <subfield code="l">0</subfield>
    <subfield code="o">34(094):349.2(477) &#x423;-45</subfield>
    <subfield code="p">67290</subfield>
    <subfield code="r">2022-02-07 00:00:00</subfield>
    <subfield code="w">2004-04-05</subfield>
    <subfield code="y">BK</subfield>
  </datafield>
  <datafield tag="952" ind1=" " ind2=" ">
    <subfield code="0">0</subfield>
    <subfield code="1">0</subfield>
    <subfield code="2">udc</subfield>
    <subfield code="4">0</subfield>
    <subfield code="7">0</subfield>
    <subfield code="a">102</subfield>
    <subfield code="b">102</subfield>
    <subfield code="d">2004-04-05</subfield>
    <subfield code="g">25.08</subfield>
    <subfield code="i">67292</subfield>
    <subfield code="l">0</subfield>
    <subfield code="o">34(094):349.2(477) &#x423;-45</subfield>
    <subfield code="p">67292</subfield>
    <subfield code="r">2022-02-07 00:00:00</subfield>
    <subfield code="w">2004-04-05</subfield>
    <subfield code="y">BK</subfield>
  </datafield>
</record>
